000
00325nam a22001457a 4500
003
SGT
082
_a
616.5, M14A
100
_a
ARNDT, KENNETH A.
245
_a
MANUAL OF DERMATOLOGIC THERAPEUTICS
250
_a
8TH
260
_a
INDIA
_b
WOLTERS KLUWER
_c
2014
300
_a
460
650
_a
DERMATOLOGY
942
_2
ddc
_c
BK
_0
1
999
_c
8447
_d
8447